000 00718nam a2200265Ia 4500
003 OSt
005 20221007110205.0
006 a|||||r|||| 00| 0
007 ta
008 221006b |||||||| |||| 00| 0 eng d
024 _a20,576
037 _cTextual
040 _aLCO
_cLCO
_beng
041 _2eng
_aeng
082 _aZ1,6, L2
100 _aScoles Eugene F.
245 0 _aCases and Materials on Conflict of Laws
250 _a2nd
260 _aNew
_bYork West Publishing Company USA
_c1972
300 _a966
650 _aCONFLICT
_9707196
700 _a Weintraub Russell J.
_9707197
942 _hZ1,6, L2
_cTEXL
999 _c1190139
_d1190139